000 00945cam a22002533a 4500
001 5640
003 PGUSA
005 20140828083122.0
008 040501s2004||||xxu|||||s|||||000 | eng d
040 _aPGUSA
_beng
042 _adc
050 4 _aPH
100 1 _aIlona, Martinovitsné Kutas
245 1 0 _aBáró Podmaniczky Pál és a norvég Biblia :
_bElbeszélés a 18 nyelvü nagyapáról 77 nyelven és rovásírással
_h[electronic resource] /
_cMartinovitsné Kutas Ilona
260 _bProject Gutenberg,
_c2004
506 _aCopyrighted. Read the copyright notice inside this book for details.
516 _aElectronic text
653 _aTranslations
653 _aShort stories
740 0 _aBaron Pál Podmaniczky and the Norwegian Bible A short story about the 18 lingual grandfather in 77 languages and in runic script
830 0 _aProject Gutenberg
_v5640
856 4 0 _uhttp://www.gutenberg.org/ebooks/5640
942 _cEB
999 _c234968
_d234968